|
|
|
|
| LEADER |
00000nam a2200000 a 4500 |
| 001 |
vtls010304048 |
| 003 |
SK-MaSNL |
| 005 |
20260302011901.0 |
| 008 |
240315s2004 xo a g c 000 0dslo |
| 020 |
|
|
|q (brož.)
|
| 040 |
|
|
|a SNK
|b slo
|c SNK
|e AACR2
|
| 041 |
0 |
|
|a slo
|
| 044 |
|
|
|a xo
|c SK
|
| 072 |
|
7 |
|a 72/76
|x Výtvarné umenie
|2 konspekt
|
| 080 |
|
|
|a 72/76(437.6)
|2 2001
|
| 080 |
|
|
|a 72/76.071.1
|2 2001
|
| 080 |
|
|
|a (437.6)
|2 2001
|
| 080 |
|
|
|a (083.82)
|2 2001
|
| 100 |
1 |
|
|a Mojžiš, Juraj,
|d 1938-
|4 aut
|9 103302
|
| 245 |
1 |
0 |
|a Galandovci - skupina Mikuláša Galandu 1
|c [autor Juraj Mojžiš]
|
| 246 |
1 |
4 |
|a Galandovci - skupina Mikuláša Galandu 1, 2, 3
|
| 250 |
|
|
|a [1. vyd.]
|
| 260 |
|
|
|a Trenčín
|b Q-EX
|c 2004
|
| 300 |
|
|
|a [28] s.
|b ilustr.
|c 30 cm
|
| 610 |
2 |
7 |
|a Skupina Mikuláša Galandu (umelecká skupina)
|2 SNKKA
|9 167187
|
| 648 |
|
7 |
|a do 1968
|2 SNKPH
|9 632207
|
| 650 |
0 |
7 |
|a slovenské výtvarné umenie
|2 SNKPH
|9 68597
|
| 650 |
0 |
7 |
|a výtvarní umelci
|z Slovensko
|2 SNKPH
|9 61033
|
| 650 |
0 |
7 |
|a Slovak art
|2 SNKPHeng
|9 275442
|
| 650 |
0 |
7 |
|a Artists
|2 SNKPHeng
|9 265151
|
| 655 |
|
7 |
|a katalógy
|2 SNKPH
|9 60821
|
| 655 |
|
7 |
|a Catalogs
|2 SNKPHeng
|9 266059
|
| 999 |
|
|
|c 1007713
|d 1009643
|
| 952 |
|
|
|a SNK
|b SNK
|y PREZ
|7 0
|p 17A0631811
|o snkOSB 16424
|i snk2011/17675
|8 0
|0 0
|1 0
|4 0
|d 2011-08-17
|l 0
|r 2026-02-24 12:41:22
|w 2026-02-24
|